000 00877cam a2200205 4500
001 WB3809-19
008 020306n2002 000 0 eng u
035 _a(Sirsi) u117027
245 _aChina issues new foreign investment guidelines
260 _c2002
490 _aRICS News Service
_v5 March 2002 (1)
520 _aChina has issued new regulations classifying foreign investment into four categories - encouraged, permitted, restricted and banned, to comply with the country's World Trade Organisation commitments. The regulations take effect on 1 April and replace those issued in 1995. News story from China Internet Information Centre http://www.china.org.cn/english/27772.htm
590 _aWB
650 _aCHINA
650 _aFOREIGN INVESTMENT
650 _aREGULATIONS
650 _aWORLD TRADE ORGANISATION
690 _aINTERNATIONAL-ASIA
942 _n0
999 _c69717
_d69717